<<A>> harmadik út napló és memoár II. negyedvirágzás?

Bibliographic Details
Main Author: Cselényi, László, 1938-2023 (Author)
Format: Article
Language:Hungarian
ISSN:1335-6631
Subjects:

MARC

LEADER 00000nab a2200000 a 4500
001 vtls000860685
005 20260417114021.0
008 160314c2003 xo 0 hun
015 |a SNBRB2004/01-02758 
035 |a CLN000212291 
040 |a SNKBUCL  |b slo  |c SNKBUCL  |e AACR2 
041 0 |a hun 
044 |a xo  |c SK 
080 |a 82(091):821.511.141 (437.6)"199"  |2 UDC-MRF-SK2 
080 |a 821.511.141 (437.6)(091)"199"  |2 UDC-MRF-SK2 
100 1 |a Cselényi, László,  |d 1938-2023  |4 aut  |9 241940 
245 1 2 |a <<A>> harmadik út  |b napló és memoár  |n II.  |p negyedvirágzás?  |c Cselényi László 
610 7 |a Sambucus (literárne hnutie)  |2 SNKKA  |9 1600299 
650 0 7 |a literatúra maďarská  |z Slovensko  |x dejiny  |y stor. 20., r. 90  |2 snkbucl  |9 850811 
773 0 |x 1335-6631  |t Szabad újság  |g Roč. 11, č. 51-52 (2003), s. 18 
852 |a SNK 
958 |a HU 
958 |a SK 
958 |a LX 
958 |a RBX 
999 |c 3291928  |d 3293858